Guess the random pro soccer player (easy). - Statistics

General Stats
  • This quiz has been taken 64 times
  • The average score is 15 of 25
Answer Stats
Nationality, Position, Club Answer % Correct
Brazil, CDM, Man United Casemiro
84%
France, RW, PSG Dembele
84%
England, CAM, Real Madrid Bellingham
82%
Portugal, LW, AC Milan Leao
82%
France, GK, Tottenham Hotspur Lloris
82%
Portugal, ST, Al Nassr Ronaldo
78%
Uruguay, CM Real Madrid Valverde
76%
Senegal, LM, Al Nassr Mane
69%
Egypt, RW, Liverpool Salah
69%
Croatia, CM, Real Madrid Modric
67%
Brazil, GK, Liverpool Alisson
65%
France, ST, Atletico Madrid Griezmann
65%
Germany, CAM, Bayern Munich Musiala
63%
England, RW, Arsenal Saka
61%
Canada, LB, Bayern Munich Davies
57%
France, CDM, Al Ittihad Kante
57%
Austria, CB, Real Madrid Alaba
49%
Germany, CAM, Leverkusen Wirtz
49%
Italy, CM, Inter Milan Barella
43%
Germany, CM, Barcelona Gundogan
39%
England, RB, Newcastle Trippier
39%
Japan, RW, Real Sociedad Kubo
35%
Nigeria, ST, Napoli Osimhen
35%
Brazil, CM, Newcastle Guimaraes
31%
Georgia, LW, Napoli Kvaratshkhelia
0%
No matching quizzes found
Score Distribution
Percent of People with Each Score
Percentile by Number Answered
Your Score History
You have not taken this quiz